| 000 | 00547aam a2200193 4500 | ||
|---|---|---|---|
| 005 | 20231011162926.0 | ||
| 008 | 150507b xxu||||| |||| 00| 0 spa d | ||
| 041 | _aspa | ||
| 082 | _a158.2 M465a | ||
| 100 | _aMaxwell, John C | ||
| 245 | _aEl abc de la actitud: la condición indispensable para triunfar | ||
| 260 |
_aArgentina _bV y R Editoras _c2008 |
||
| 300 | _a88 páginas | ||
| 650 | _aRELACIONES INTERPERSONALES | ||
| 650 | _aLIDERAZGO | ||
| 650 | _aRELACIONES PERSONALES | ||
| 650 | _aACTITUD | ||
| 942 |
_cLIT _2ddc |
||
| 999 |
_c5213 _d5213 |
||